000 00450nam a2200169 i 4500
001 bg
245 0 _aElektryka.
260 _aLublin,
_c1990.
490 1 _aPrace Naukowe Politechniki Lubelskiej. Elektryka ;
_v25
500 _aNumeracja ser. gł. : 204.
830 0 _aPrace Naukowe Politechniki Lubelskiej.
_pElektryka ;
_v25
040 _cBPK
041 _apol
080 _a621.313
942 _cKS
008 s pl f |000 0 pol
999 _c29514
_d29514
856 _uhttp://koha.tu.koszalin.pl/cgi-bin/koha/opac-detail.pl?biblionumber=29514
_yKatalog online BPK